Regeneration: what's the UK developer response? (Record no. 74900)

MARC details
000 -LEADER
fixed length control field 00807cab a2200205 4500
001 - CONTROL NUMBER
control field ABS68872
008 - FIXED-LENGTH DATA ELEMENTS--GENERAL INFORMATION
fixed length control field 050310n2005 000 0 eng u
035 ## - SYSTEM CONTROL NUMBER
System control number (Sirsi) u129019
100 ## - MAIN ENTRY--PERSONAL NAME
Personal name Dixon, T.
245 ## - TITLE STATEMENT
Title Regeneration: what's the UK developer response?
260 ## - PUBLICATION, DISTRIBUTION, ETC.
Date of publication, distribution, etc. 2005
490 ## - SERIES STATEMENT
Series statement Property Forecast
Volume/sequential designation 8(2) February 2005, 6-8(3)
520 ## - SUMMARY, ETC.
Summary, etc. Discusses research from the College of Estate Management that shows that the landfill directive (Directive 99/31/EC) could deter redevelopment on some contaminated sites. At present the UK development industry is actively engaged in brownfield regeneration, following government policy.
590 ## - LOCAL NOTE (RLIN)
Local note ABS
650 ## - SUBJECT ADDED ENTRY--TOPICAL TERM
Topical term or geographic name entry element BROWNFIELD LAND
650 ## - SUBJECT ADDED ENTRY--TOPICAL TERM
Topical term or geographic name entry element DIRECTIVE 99/31/EC
650 ## - SUBJECT ADDED ENTRY--TOPICAL TERM
Topical term or geographic name entry element Contamination
9 (RLIN) 6231
690 ## - LOCAL SUBJECT ADDED ENTRY--TOPICAL TERM (OCLC, RLIN)
Topical term or geographic name as entry element REGENERATION
942 ## - ADDED ENTRY ELEMENTS (KOHA)
Suppress in OPAC 0
Holdings
Withdrawn status Lost status Source of classification or shelving scheme Damaged status Not for loan Home library Current library Shelving location Date acquired Total Checkouts Full call number Barcode Date last seen Copy number Price effective from Koha item type
    Dewey Decimal Classification     London London Journal article 10/03/2005   ABS68872 129019-1001 06/08/2019 1 06/08/2019 Journal article